LEADER 00866nam a2200205 i 4500 001 000000143316 003 CaOOAMICUS 005 20050929000000.0 008 050929s1983 it u000 u ita u 013 $a118674 040 $aSeMil$bita 100 1 $aSoroldoni, Mario.$0(OLS)http://semarc/name/18671 245 13$aUn medico per sperare... :$buna vita consumata in dono... /$cMario Soroldoni. 260 $aMilano :$bEdizioni Fratebenefratelli,$cstampa 1983. 300 $a155 p. ;$c19 cm. 650 4$aRiccardo : Pampuri .$0(OLS)http://semarc/subject/6354 850 $aSeMil 852 $aSeMil$W1$xVenegono$y1$m776 4 *$j96429$B96429$CSeMilBibl$Z2$F103728 $81 996 $6245$aUn medico per sperare... :$buna vita consumata in dono...$9(OLS)http://semarc/title/209761 996 $6260$aMilano :$bEdizioni Fratebenefratelli$9(OLS)http://semarc/publisher/47531 LEADER 00742nam a2200169 i 4500 001 000000234835 003 CaOOAMICUS 005 20141022000000.0 008 141022s1838 it u000 u lat u 013 $a213738 040 $aSeMil$bita 245 10$aQuae complectitur chronologiae rudimenta, et decem priorum seculorum synopsim. 300 $a240 p. 773 0 $aBerti, Giovanni Lorenzo <1696-1766>$tEcclesiasticae historiae breviarium.$bEditio novissima.$dBassani : suis Typis Remondini, 1838.$gPars1$w()30783 850 $aSeMil 852 $aSeMil$W1$xVenegono$y1$m3B II 22 FA$j185181$B185181$CSeMilBibl$Z2$F196071 $8I 996 $6245$aQuae complectitur chronologiae rudimenta, et decem priorum seculorum synopsim$9(OLS)http://semarc/title/335007